000
00347nam a2200133 a 4500
005
20140414131914.0
008
101015s19uu xx 00 eng d
050
_a
M 398.8
_b
H65 1973
100
_a
Hoberman, Mary Ann
245
_a
The looking book.
260
_a
New York :
_b
Alfred A Knopf,
_c
1973.
650
_a
Counting books
999
_c
111358
_d
111358